A course in number theory and cryptography (E-BOOK) (Record no. 218060)

000 -LEADER
fixed length control field 01829 a2200385 4500
003 - CONTROL NUMBER IDENTIFIER
control field Nust
005 - DATE AND TIME OF LATEST TRANSACTION
control field 20170207171639.0
020 ## - INTERNATIONAL STANDARD BOOK NUMBER
International Standard Book Number 0-387-94293-9 (New York)
020 ## - INTERNATIONAL STANDARD BOOK NUMBER
International Standard Book Number 1461264421 (paperback)
020 ## - INTERNATIONAL STANDARD BOOK NUMBER
International Standard Book Number 3-540-94293-9 (Berlin)
020 ## - INTERNATIONAL STANDARD BOOK NUMBER
International Standard Book Number 9780387942933 (Hardcover)
020 ## - INTERNATIONAL STANDARD BOOK NUMBER
International Standard Book Number 9781461264422 (paperback)
040 ## - CATALOGING SOURCE
Transcribing agency Nust
082 04 - DEWEY DECIMAL CLASSIFICATION NUMBER
Classification number 512.7
100 1# - MAIN ENTRY--PERSONAL NAME
Personal name Koblitz, Neal,
245 12 - TITLE STATEMENT
Title A course in number theory and cryptography (E-BOOK)
Statement of responsibility, etc. Neal Koblitz
250 ## - EDITION STATEMENT
Edition statement 2. ed
260 ## - PUBLICATION, DISTRIBUTION, ETC.
Place of publication, distribution, etc. New York ;
-- Berlin :
Name of publisher, distributor, etc. Springer,
Date of publication, distribution, etc. cop. 1994
300 ## - PHYSICAL DESCRIPTION
Extent x, 235 s. :
Other physical details ill.
490 1# - SERIES STATEMENT
Series statement Graduate texts in mathematics,
International Standard Serial Number 0072-5285 ;
Volume/sequential designation 114
505 1# - FORMATTED CONTENTS NOTE
Formatted contents note Some Topics in Elementary Number Theory -- Finite Fields and Quadratic Residues Cryptography -- Public Key -- Primality and Factoring -- Elliptic Curves
520 ## - SUMMARY, ETC.
Summary, etc. This is a substantially revised and updated introduction to arithmetic topics, both ancient and modern, that have been at the centre of interest in applications of number theory, particularly in cryptography. As such, no background in algebra or number theory is assumed, and the book begins with a discussion of the basic number theory that is needed. The approach taken is algorithmic, emphasising estimates of the efficiency of the techniques that arise from the theory, and one special feature is the inclusion of recent applications of the theory of elliptic curves. Extensive exercises and careful answers are an integral part all of the chapters.
650 #0 - SUBJECT ADDED ENTRY--TOPICAL TERM
Topical term or geographic name entry element Cryptography
650 #0 - SUBJECT ADDED ENTRY--TOPICAL TERM
Topical term or geographic name entry element Cryptography
650 #0 - SUBJECT ADDED ENTRY--TOPICAL TERM
Topical term or geographic name entry element Cryptography
650 #0 - SUBJECT ADDED ENTRY--TOPICAL TERM
Topical term or geographic name entry element Kryptografi
650 #0 - SUBJECT ADDED ENTRY--TOPICAL TERM
Topical term or geographic name entry element Kryptologi
650 #0 - SUBJECT ADDED ENTRY--TOPICAL TERM
Topical term or geographic name entry element Number theory
650 #0 - SUBJECT ADDED ENTRY--TOPICAL TERM
Topical term or geographic name entry element Number theory
650 #0 - SUBJECT ADDED ENTRY--TOPICAL TERM
Topical term or geographic name entry element Number theory
650 #0 - SUBJECT ADDED ENTRY--TOPICAL TERM
Topical term or geographic name entry element Talteori
650 #0 - SUBJECT ADDED ENTRY--TOPICAL TERM
Topical term or geographic name entry element Talteori
651 ## - SUBJECT ADDED ENTRY--GEOGRAPHIC NAME
Geographic name E-BOOK
830 #0 - SERIES ADDED ENTRY--UNIFORM TITLE
Uniform title Graduate texts in mathematics,
942 ## - ADDED ENTRY ELEMENTS (KOHA)
Source of classification or shelving scheme
Koha item type Book
Holdings
Withdrawn status Lost status Source of classification or shelving scheme Damaged status Not for loan Collection code Permanent Location Current Location Date acquired Total Checkouts Barcode Date last seen Price effective from Koha item type
            Military College of Signals (MCS) Military College of Signals (MCS) 12/12/2016   MCSEB-1798 12/08/2016 12/12/2016 Book
© 2023 Central Library, National University of Sciences and Technology. All Rights Reserved.